Central Library OPAC University of Rajshahi

Conservation of plant genetic resources in vitro / (Record no. 37322)

MARC details
000 -LEADER
fixed length control field 01000nam a2200301 a 4500
001 - CONTROL NUMBER
control field 37322
003 - CONTROL NUMBER IDENTIFIER
rucl marc code BD-RjUL
005 - DATE AND TIME OF LATEST TRANSACTION
control field 20211209052611.0
008 - FIXED-LENGTH DATA ELEMENTS--GENERAL INFORMATION
fixed length control field 141130s2000 nhua b 001 0 eng
020 ## - INTERNATIONAL STANDARD BOOK NUMBER
International Standard Book Number 8120413622
International Standard Book Number 157808055X
035 ## - SYSTEM CONTROL NUMBER
System control number (BD-RjUL)37425
040 ## - CATALOGING SOURCE
Original cataloging agency DLC
Transcribing agency DLC
Modifying agency WaU
-- DLC
-- BD-RjUL
Language of cataloging eng
041 ## - LANGUAGE CODE
Language code of text/sound track or separate title eng
082 00 - DEWEY DECIMAL CLASSIFICATION NUMBER
Classification number 631.523
Edition number 21
Author mark and year CON 2000
245 00 - TITLE STATEMENT
Title Conservation of plant genetic resources in vitro /
Statement of responsibility, etc. editors, M.K. Razdan, E.C. Cocking.
260 ## - PUBLICATION, DISTRIBUTION, ETC. (IMPRINT)
Place of publication, distribution, etc. Enfield, N.H. :
Name of publisher, distributor, etc. Science Publishers,
Date of publication, distribution, etc. 2000.
300 ## - PHYSICAL DESCRIPTION
Pagination 315 p. :
Illustrations ill.;
Size 25 cm.
504 ## - BIBLIOGRAPHY, ETC. NOTE
Bibliography, etc Includes bibliographical references index.
505 1# - FORMATTED CONTENTS NOTE
Formatted contents note -- v. 2. Applications and limitations.
650 #0 - SUBJECT ADDED ENTRY--TOPICAL TERM
Topical term or geographic name as entry element Germplasm resources, Plant
General subdivision Storage
-- In vitro.
9 (RLIN) 114394
Topical term or geographic name as entry element Germplasm resources conservation.
9 (RLIN) 114395
700 1# - ADDED ENTRY--PERSONAL NAME
Personal name Razdan, M. K.
Personal name Cocking, Edward C.
Fuller form of name (Edward Charles)
942 ## - ADDED ENTRY ELEMENTS (KOHA)
Source of classification or shelving scheme Dewey Decimal Classification
Koha item type Books
Holdings
Lost status Source of classification or shelving scheme Damaged status Not for loan Collection code Permanent Location Current Location Shelving location Date acquired Cost, normal purchase price Total Checkouts Full call number Date last seen Copy number Koha item type
  Dewey Decimal Classification   Not For Loan Non-fiction Institute of Biological Sciences (IBSc) Library Institute of Biological Sciences (IBSc) Library   30/11/2014 2850.00   631.523 CON 2000 30/11/2014 C-1 Books